[Event "27.Bayer.Senioren-EM2015"]
[Site ""]
[Date "2015.06.15"]
[Round "9.23"]
[White "Niedermaier, Peter"]
[Black "Schuster, Herbert"]
[Result "1-0"]
[WhiteElo "1757"]
[BlackElo "1624"]
[PlyCount "121"]
[EventDate "2015.??.??"]
[WhiteTeam "SU Ebersberg-Grafing"]
[BlackTeam "SK Landshut"]

1. e4 e5 2. Nf3 d6 3. Bc4 Be6 4. Qe2 Bxc4 5. Qxc4 Be7 6. Qb5+ Nd7 7. Qxb7 Ngf6
8. d3 h6 9. O-O O-O 10. Qb3 a5 11. a3 Nc5 12. Qc3 Qd7 13. Qe1 Rfb8 14. Nc3 c6
15. b3 Ne6 16. Ne2 Nh5 17. Ng3 Nhf4 18. Nf5 Bf6 19. Rb1 c5 20. a4 Kh7 21. Bd2
g6 22. Ne3 Nd4 23. Nxd4 cxd4 24. Nd5 Nxd5 25. exd5 Qc7 26. Qc1 Bg7 27. f4 f5
28. Rf3 e4 29. dxe4 fxe4 30. Rh3 e3 31. Be1 Qf7 32. c4 Qf5 33. Rf3 Re8 34. h3
Re4 35. Qc2 Rae8 36. Bxa5 e2 37. Be1 Rxf4 38. Qxf5 Rxf5 39. Rxf5 gxf5 40. Bd2
d3 41. Kf2 Bd4+ 42. Kf3 Kg6 43. g3 h5 44. h4 f4 45. gxf4 Kf5 46. b4 Rc8 47. Rb3
Rxc4 48. Rxd3 Bf6 49. Kxe2 Bxh4 50. a5 Bd8 51. a6 Bb6 52. Kf3 h4 53. Rb3 Rc8
54. Be3 Bd8 55. b5 h3 56. Kg3 Ke4 57. b6 Bxb6 58. Bxb6 Kxd5 59. a7 Rh8 60. Kh2
Kc6 61. Be3 1-0

[Event "27.Bayer.Senioren-EM2015"]
[Site ""]
[Date "2015.06.15"]
[Round "9.24"]
[White "Thieme, Wolfgang"]
[Black "Lueders, Guenter"]
[Result "1-0"]
[WhiteElo "1755"]
[BlackElo "1603"]
[PlyCount "55"]
[EventDate "2015.??.??"]
[WhiteTeam "SC Bayer Uerdingen"]
[BlackTeam "TSV Benshausen"]

1. e4 c5 2. d4 cxd4 3. c3 d3 4. Bxd3 Nc6 5. Nf3 g6 6. e5 Bg7 7. Qe2 b6 8. Bf4
Bb7 9. O-O e6 10. Nbd2 Nge7 11. Nc4 O-O 12. Nd6 Qc7 13. Rad1 h6 14. Rfe1 Rab8
15. Qd2 h5 16. Qc2 Rbd8 17. Qd2 a6 18. Bc2 Na5 19. Nh4 Nf5 20. Nhxf5 exf5 21.
Bg5 Ra8 22. Be7 Rfb8 23. Qg5 Qc6 24. f3 Nc4 25. Nxf5 Qe6 26. Nxg7 Kxg7 27. Bf6+
Kh7 28. Qxh5+ 1-0

[Event "27.Bayer.Senioren-EM2015"]
[Site ""]
[Date "2015.06.15"]
[Round "9.26"]
[White "Kammel, Rudolf"]
[Black "Kalkmann, Hans"]
[Result "0-1"]
[WhiteElo "1582"]
[BlackElo "1859"]
[PlyCount "72"]
[EventDate "2015.??.??"]
[WhiteTeam "SC Bavaria Regensb."]
[BlackTeam "SC Springer St.Tönis"]

1. e4 c6 2. d4 d5 3. exd5 cxd5 4. Bd3 Nf6 5. h3 e6 6. Ne2 Bd7 7. Bf4 Qb6 8.
Nbc3 Bd6 9. Bxd6 Qxd6 10. Qd2 a6 11. Nd1 Bc6 12. c3 Nbd7 13. f4 g6 14. O-O O-O
15. Nf2 Nb6 16. b3 Ne4 17. Qe3 f5 18. c4 Nd7 19. c5 Qe7 20. Kh2 Qg7 21. g4 Nxf2
22. Rxf2 Nxc5 23. Rd1 Ne4 24. Rg2 Qd7 25. Ng1 Qd6 26. Nf3 fxg4 27. Rxg4 Nf6 28.
Rg5 Nh5 29. Ne5 Be8 30. Rxh5 gxh5 31. Rg1+ Kh8 32. Rg5 Qe7 33. Nd7 Bxd7 34.
Rxh5 Rf7 35. Qe5+ Kg8 36. Rg5+ Rg7 0-1

[Event "27.Bayer.Senioren-EM2015"]
[Site ""]
[Date "2015.06.15"]
[Round "9.27"]
[White "Breuer, Herbert"]
[Black "Zerweck, Christoph"]
[Result "0-1"]
[WhiteElo "1594"]
[BlackElo "1779"]
[PlyCount "100"]
[EventDate "2015.??.??"]
[WhiteTeam "SK Bad Aibling"]
[BlackTeam "SV Herrenberg"]

1. e4 c5 2. g3 Nc6 3. d3 g6 4. Nd2 Bg7 5. c3 d6 6. Ngf3 e6 7. Bg2 Nge7 8. O-O
O-O 9. Re1 e5 10. Nf1 Be6 11. h3 h6 12. Be3 Bc8 13. Qd2 Kh7 14. g4 b6 15. Ng3
Ng8 16. Qc2 Bd7 17. Rad1 Rc8 18. Qb1 Re8 19. Rd2 Qc7 20. g5 h5 21. Qd1 Nge7 22.
Nh4 Rcd8 23. Kh1 Be6 24. Rg1 d5 25. Nxh5 gxh5 26. Qxh5+ Kg8 27. f3 d4 28. Bf2
Nb8 29. Bf1 Kf8 30. g6 fxg6 31. Qg5 Bf7 32. Bg3 Nbc6 33. Rf2 Qd6 34. Qd2 dxc3
35. bxc3 Kg8 36. Ng2 Qe6 37. f4 c4 38. f5 gxf5 39. exf5 Nxf5 40. Bh4 Rd7 41.
Qg5 Bg6 42. Be2 Bh6 43. Qg4 Rg7 44. Bg5 Bxg5 45. Qxg5 Qe7 46. Rxf5 Bxf5 47.
Qxf5 Rf8 48. Qe4 Qd6 49. dxc4 Rf2 50. c5 Qxc5 0-1

[Event "27.Bayer.Senioren-EM2015"]
[Site ""]
[Date "2015.06.15"]
[Round "9.28"]
[White "Peiberg, Ehrhard"]
[Black "Reichwald, Klaus"]
[Result "0-1"]
[WhiteElo "1469"]
[BlackElo "1743"]
[PlyCount "114"]
[EventDate "2015.??.??"]
[WhiteTeam "SC Erlangen"]
[BlackTeam "SC Lohhof"]

1. d4 Nf6 2. c4 g6 3. Nc3 Bg7 4. e4 d6 5. Nf3 O-O 6. Be2 c6 7. O-O Qc7 8. h3
Nbd7 9. Bf4 a6 10. Rc1 c5 11. d5 Rb8 12. Qd2 Re8 13. Rfe1 b6 14. Bf1 Nh5 15.
Bh2 Ne5 16. Nxe5 dxe5 17. Kh1 Bd7 18. a4 Rbd8 19. Rcd1 Bc8 20. Qc2 Nf4 21. Re3
g5 22. Rg3 h6 23. Ne2 Rd6 24. Nxf4 exf4 25. Rf3 Be5 26. g4 Bd7 27. Bd3 Kh8 28.
Rg1 Qc8 29. Be2 Rg8 30. Rd3 Qe8 31. b3 a5 32. Rg2 Rdg6 33. f3 f6 34. Bg1 R8g7
35. Bf2 h5 36. Be1 Rh6 37. Bc3 hxg4 38. fxg4 Rgh7 39. Bxe5 Rxh3+ 40. Rxh3 Rxh3+
41. Rh2 Rxh2+ 42. Kxh2 fxe5 43. Qb2 Qb8 44. Qc3 Kg7 45. Qh3 Qh8 46. Qxh8+ Kxh8
47. Bf3 Kg7 48. Kg2 Kf6 49. Kf2 e6 50. Ke2 Ke7 51. Kd2 Kd6 52. Kd3 exd5 53.
cxd5 b5 54. axb5 Bxb5+ 55. Kc3 a4 56. bxa4 Bxa4 57. Kd2 Bb3 0-1

[Event "27.Bayer.Senioren-EM2015"]
[Site ""]
[Date "2015.06.15"]
[Round "9.29"]
[White "Perzl, Michael"]
[Black "Laber, Dietrich"]
[Result "0-1"]
[WhiteElo "1713"]
[BlackElo "1561"]
[PlyCount "32"]
[EventDate "2015.??.??"]
[WhiteTeam "TSV Trostberg"]
[BlackTeam "SF Steinsfurt"]

1. d4 Nf6 2. c4 e6 3. Nf3 b6 4. Nc3 Bb7 5. Qc2 d5 6. e3 Nbd7 7. Bd3 dxc4 8.
Bxc4 c5 9. O-O cxd4 10. Nxd4 Bc5 11. a3 a5 12. Ncb5 O-O 13. Bd2 Ne5 14. Be2 Rc8
15. Be1 Ne4 16. Nf3 Bxe3 0-1

[Event "27.Bayer.Senioren-EM2015"]
[Site ""]
[Date "2015.06.15"]
[Round "9.31"]
[White "Graw, Rolf"]
[Black "Walch, Roger"]
[Result "0-1"]
[WhiteElo "1563"]
[BlackElo "1666"]
[PlyCount "100"]
[EventDate "2015.??.??"]
[WhiteTeam "VfR-SC Koblenz"]
[BlackTeam "SW Nürnberg Süd"]

1. d4 Nf6 2. e3 c5 3. c3 e6 4. Bd3 d5 5. Nd2 c4 6. Bc2 Nc6 7. f4 g6 8. Ngf3 Bg7
9. O-O Ng4 10. Qe2 O-O 11. Ne5 Ncxe5 12. fxe5 Qg5 13. e4 Qe3+ 14. Qxe3 Nxe3 15.
Bd1 Nxf1 16. Kxf1 f5 17. exd5 exd5 18. Kg1 Be6 19. Nf1 f4 20. g3 g5 21. Kg2 h6
22. h3 f3+ 23. Bxf3 Bxh3+ 24. Kxh3 Rxf3 25. Nh2 Rf7 26. b3 b5 27. Ba3 Re8 28.
Ng4 h5 29. Ne3 Rd7 30. Rf1 Bf8 31. Bb2 a5 32. Rf5 Bh6 33. g4 h4 34. Bc1 cxb3
35. axb3 Re6 36. Bd2 a4 37. bxa4 bxa4 38. Bc1 Ra6 39. e6 Rxe6 40. Nxd5 Kg7 41.
Ba3 Kg6 42. Bb4 Bg7 43. Ba3 Rb7 44. Bc1 Bh6 45. Ba3 Bg7 46. Bc1 Bh6 47. Ba3 Rb3
48. Bb4 a3 49. Rf1 Bg7 50. Ra1 Re2 0-1

[Event "27.Bayer.Senioren-EM2015"]
[Site ""]
[Date "2015.06.15"]
[Round "9.32"]
[White "Schoenfelder, Heinrich"]
[Black "Steffl, Herbert"]
[Result "1/2-1/2"]
[WhiteElo "1643"]
[BlackElo "1539"]
[PlyCount "75"]
[EventDate "2015.??.??"]
[WhiteTeam "SC Tarrasch München"]
[BlackTeam "ASV J'Adoube Grassau"]

1. d4 Nf6 2. Nf3 e6 3. c4 d5 4. Nc3 c6 5. e3 Nbd7 6. cxd5 exd5 7. Bd3 Bd6 8. h3
O-O 9. O-O Re8 10. Qc2 Nf8 11. e4 dxe4 12. Nxe4 Nxe4 13. Bxe4 Be7 14. Be3 Be6
15. a3 Rc8 16. Rfd1 Qa5 17. b4 Qd8 18. Rac1 a6 19. Ne5 Bf6 20. Bf4 Bg5 21. Qd2
Bxf4 22. Qxf4 Qc7 23. Qe3 Qe7 24. Re1 Red8 25. Nf3 h6 26. Rcd1 Rc7 27. Qc3 Nh7
28. Qd3 Ng5 29. Bf5 Qf6 30. Bxe6 Nxe6 31. Qc4 Rcd7 32. Re4 Ng5 33. Nxg5 Qxg5
34. Qe2 Kf8 35. Re1 Kg8 36. Re8+ Kh7 37. Rxd8 Qxd8 38. Qe4+ 1/2-1/2

[Event "27.Bayer.Senioren-EM2015"]
[Site ""]
[Date "2015.06.15"]
[Round "9.33"]
[White "Oser, Thor"]
[Black "Aufmwasser, Guenter"]
[Result "1/2-1/2"]
[WhiteElo "1638"]
[BlackElo "1494"]
[PlyCount "46"]
[EventDate "2015.??.??"]
[WhiteTeam "SK Jöhlingen"]
[BlackTeam "SV Hilden"]

1. e4 d6 2. d4 g6 3. Bd3 Bg7 4. c3 Nc6 5. Ne2 e5 6. d5 Nce7 7. O-O Nh6 8. Ng3
O-O 9. f4 f5 10. fxe5 dxe5 11. exf5 Nhxf5 12. Nxf5 Nxf5 13. c4 Qd6 14. Nc3 Qb6+
15. Kh1 Bd7 16. Ne4 Qd4 17. Qe2 Bh6 18. Rf3 Bxc1 19. Rxc1 Rad8 20. Rcf1 Kg7 21.
Nc3 Nd6 22. Rxf8 Rxf8 23. Rxf8 Kxf8 1/2-1/2

[Event "27.Bayer.Senioren-EM2015"]
[Site ""]
[Date "2015.06.15"]
[Round "9.34"]
[White "Schiessl, Werner"]
[Black "Lubberich, Alfred"]
[Result "1-0"]
[WhiteElo "1388"]
[BlackElo "1616"]
[PlyCount "67"]
[EventDate "2015.??.??"]
[WhiteTeam "FVS ASP Hoyerswerda"]
[BlackTeam "SG Nettetal"]

1. e4 c5 2. c3 Nf6 3. e5 Nd5 4. Nf3 d6 5. Bc4 e6 6. d4 Nc6 7. Nbd2 a6 8. Ne4 b5
9. Bd3 cxd4 10. Nfg5 Nxe5 11. cxd4 Nxd3+ 12. Qxd3 h6 13. Nh3 Be7 14. O-O O-O
15. Qg3 Bh4 16. Qa3 b4 17. Qb3 f5 18. Ng3 Bf6 19. Nf4 Nxf4 20. Bxf4 a5 21. Rfe1
g5 22. Bd2 d5 23. a4 Qb6 24. Nxf5 Bxd4 25. Nxh6+ Kg7 26. Ng4 Bxf2+ 27. Kh1 Bxe1
28. Rxe1 Rf5 29. Qh3 e5 30. Qg3 Ba6 31. Ne3 Raf8 32. h4 Qg6 33. Nxf5+ Qxf5 34.
Rxe5 1-0

[Event "27.Bayer.Senioren-EM2015"]
[Site ""]
[Date "2015.06.15"]
[Round "9.35"]
[White "Malik, Heinz"]
[Black "Stephan, Hubert"]
[Result "1-0"]
[WhiteElo "1609"]
[BlackElo "1527"]
[PlyCount "56"]
[EventDate "2015.??.??"]
[WhiteTeam "SK Großweil"]
[BlackTeam "SC Prien"]

1. Nf3 d5 2. d4 Nf6 3. c4 c6 4. Nc3 Qc7 5. Bg5 Bg4 6. Ne5 dxc4 7. Bxf6 Bxe2 8.
Bxe2 exf6 9. Nxc4 Be7 10. O-O O-O 11. Qc2 Nd7 12. Rfd1 Nb6 13. Rac1 Rfd8 14.
Ne3 Bd6 15. g3 Rac8 16. Nf5 Bf8 17. Na4 g6 18. Ne3 Rd6 19. Nxb6 axb6 20. d5 Bh6
21. f4 Qe7 22. Ng4 Bg7 23. Bf3 h5 24. Nf2 f5 25. Re1 Qd7 26. Kg2 c5 27. b3 Kh7
28. Qe2 Bf6 1-0

[Event "27.Bayer.Senioren-EM2015"]
[Site ""]
[Date "2015.06.15"]
[Round "9.36"]
[White "Hermann, Josef"]
[Black "Schiessl, Hanns"]
[Result "1-0"]
[WhiteElo "1645"]
[BlackElo "1423"]
[PlyCount "79"]
[EventDate "2015.??.??"]
[WhiteTeam "TSV Trostberg"]
[BlackTeam "FVS ASP Hoyerswerda"]

1. c4 c5 2. Nf3 Nc6 3. d4 cxd4 4. Nxd4 Qb6 5. Nb3 e6 6. Be3 Bb4+ 7. N1d2 Qc7 8.
a3 Bd6 9. Qc2 Nf6 10. Bg5 Be7 11. e3 b6 12. Nf3 Bb7 13. Bd3 Ne5 14. Nbd4 Nxd3+
15. Qxd3 Be4 16. Qb3 O-O 17. O-O h6 18. Bh4 Qb7 19. Ne1 Rac8 20. f3 Bh7 21. Kh1
Rc5 22. Nd3 Rh5 23. Bg3 Rc8 24. e4 Ra5 25. Qc3 Nh5 26. Be1 Bf6 27. b4 Bxd4 28.
Qxd4 Rg5 29. Bd2 Rg6 30. Ne5 Rf6 31. Nxd7 Rg6 32. Ne5 Rf6 33. Rac1 Kh8 34. c5
bxc5 35. Rxc5 Rxc5 36. bxc5 Nf4 37. Bxf4 Rxf4 38. c6 Qc7 39. Rd1 Bg8 40. Qd6
1-0

[Event "27.Bayer.Senioren-EM2015"]
[Site ""]
[Date "2015.06.15"]
[Round "9.37"]
[White "Schallock, Helmut"]
[Black "Kunte, Herbert"]
[Result "0-1"]
[WhiteElo "1352"]
[BlackElo "1594"]
[PlyCount "110"]
[EventDate "2015.??.??"]
[WhiteTeam "SC Noris-Tarrasch Nürnberg"]
[BlackTeam "SK Siemens München"]

1. e4 e5 2. Nf3 Nc6 3. d4 exd4 4. Nxd4 d6 5. Nxc6 bxc6 6. Bc4 Be6 7. Bxe6 fxe6
8. O-O Nf6 9. Nc3 Be7 10. Qe2 O-O 11. b3 Kh8 12. Bb2 Qd7 13. Rad1 e5 14. h3 Ng8
15. Bc1 Bf6 16. Rd3 Ne7 17. Be3 Ng6 18. Qe1 Bh4 19. Kh2 Rf7 20. g3 Rf3 21. Ne2
Raf8 22. Kg2 Be7 23. Ng1 R3f7 24. f3 d5 25. exd5 cxd5 26. Rd1 c6 27. c3 c5 28.
Bc1 d4 29. cxd4 cxd4 30. Qe4 Rd8 31. Rd3 Qd5 32. Qe2 Bf6 33. Kh2 Re7 34. Ba3
Rc7 35. Rc1 Rdc8 36. Rxc7 Rxc7 37. Bb2 Re7 38. Rd1 Nf8 39. Ba3 Re8 40. Qa6 Qd7
41. b4 Rc8 42. Rc1 Rc3 43. Ne2 Rxc1 44. Nxc1 Ne6 45. Kg2 h6 46. Nd3 Qd5 47.
Qc8+ Kh7 48. Qc2 g6 49. Nc5 Ng5 50. Ne4 Bd8 51. Nxg5+ hxg5 52. h4 g4 53. Qe2
Be7 54. Qd3 Kg7 55. h5 gxh5 0-1

[Event "27.Bayer.Senioren-EM2015"]
[Site ""]
[Date "2015.06.15"]
[Round "9.38"]
[White "Wraga, Hermann"]
[Black "Rosmann, Armin"]
[Result "0-1"]
[WhiteElo "1445"]
[BlackElo "1403"]
[PlyCount "64"]
[EventDate "2015.??.??"]
[WhiteTeam "SG Osnabrück"]
[BlackTeam "TSV Ebermannstadt"]

1. e4 e5 2. d3 Nf6 3. Nd2 Be7 4. Ngf3 d6 5. h3 Be6 6. g3 Nc6 7. Bg2 Qd7 8. Ng5
O-O 9. O-O a6 10. c3 b5 11. Nxe6 fxe6 12. Qc2 b4 13. Nf3 d5 14. exd5 exd5 15.
Re1 Bd6 16. Bd2 e4 17. Nh2 Rae8 18. d4 Rf7 19. Nf1 Ref8 20. Ne3 Nh5 21. Rf1
bxc3 22. bxc3 Ne7 23. Qd1 Rf3 24. Be1 c6 25. Qe2 Ng6 26. Kh2 Nhf4 27. Qxa6 Nxg2
28. Nxg2 h5 29. h4 Bxg3+ 30. Kg1 Bxh4 31. Ne3 Nf4 32. c4 Rxe3 0-1

[Event "27.Bayer.Senioren-EM2015"]
[Site ""]
[Date "2015.06.15"]
[Round "9.39"]
[White "Jurgan, Brigitte"]
[Black "Wraga, Teresa"]
[Result "0-1"]
[WhiteElo "1236"]
[BlackElo "1424"]
[PlyCount "72"]
[EventDate "2015.??.??"]
[WhiteTeam "ASV J'Adoube Grassau"]
[BlackTeam "SG Osnabrück"]

1. d4 Nf6 2. Nf3 d6 3. g3 g6 4. Bg2 Bg7 5. c3 O-O 6. O-O Nbd7 7. Bg5 h6 8. Bxf6
Nxf6 9. Nbd2 Rb8 10. a3 b6 11. Re1 Bb7 12. e4 Nd7 13. Nf1 e5 14. d5 Kh7 15. b4
f5 16. N3d2 f4 17. g4 Nf6 18. Bf3 c6 19. dxc6 Bxc6 20. h4 g5 21. h5 Qc7 22. a4
Rbd8 23. Qc1 d5 24. c4 dxe4 25. Nxe4 Nxe4 26. Bxe4+ Bxe4 27. Rxe4 Rd7 28. Rb1
Rfd8 29. Re1 Qc6 30. Qc2+ Kh8 31. b5 Qc5 32. Red1 Rxd1 33. Rxd1 Rxd1 34. Qxd1
Qxc4 35. Qa1 e4 36. Qd1 Qd3 0-1

[Event "27.Bayer.Senioren-EM2015"]
[Site ""]
[Date "2015.06.15"]
[Round "9.40"]
[White "Garms, Ilse"]
[Black "Rudek, Gerald"]
[Result "1/2-1/2"]
[WhiteElo "1553"]
[BlackElo "1453"]
[PlyCount "91"]
[EventDate "2015.??.??"]
[WhiteTeam "ESV Eberswalde"]
[BlackTeam "SC Feuchtwangen"]

1. d4 f5 2. Nf3 Nf6 3. e3 e6 4. Bd3 b6 5. Nbd2 Bb7 6. O-O Be7 7. h3 O-O 8. c4
c5 9. b3 Nc6 10. Bb2 Rc8 11. Rc1 Bd6 12. Ne5 Bb8 13. Nxc6 Bxc6 14. Re1 Qc7 15.
Nf1 Ne4 16. dxc5 Nxc5 17. Bb1 Rf7 18. Qd2 Ne4 19. Bxe4 Bxe4 20. f3 Ba8 21. Rcd1
Rd8 22. Qf2 e5 23. Qh4 Re8 24. Rd2 f4 25. exf4 Rxf4 26. Qg3 d6 27. Kh1 Re6 28.
Qf2 Qf7 29. Ne3 h5 30. Nd5 Bxd5 31. Rxd5 Bc7 32. Red1 e4 33. Rg5 Rg6 34. Rxg6
Qxg6 35. Qd4 exf3 36. Qd5+ Kh7 37. gxf3 Qf5 38. Qxf5+ Rxf5 39. Kg2 Kg8 40. Kf2
Kf7 41. Ke3 g6 42. Ke4 Ke6 43. Bg7 Kf7 44. Bc3 Ke6 45. Rg1 Kf7 46. Rd1 1/2-1/2

[Event "27.Bayer.Senioren-EM2015"]
[Site ""]
[Date "2015.06.15"]
[Round "9.41"]
[White "Jagdhuber, Hans"]
[Black "Leuschner, Guenter"]
[Result "1-0"]
[WhiteElo "1906"]
[BlackElo "1757"]
[PlyCount "63"]
[EventDate "2015.??.??"]
[WhiteTeam "SK Keres-Augsburg"]
[BlackTeam "SW Nürnberg Süd"]

1. Nf3 Nf6 2. g3 g6 3. Bg2 Bg7 4. O-O O-O 5. c4 d6 6. d4 Nbd7 7. Nc3 e5 8. e4
c6 9. d5 cxd5 10. exd5 b6 11. Re1 Ba6 12. b4 Rc8 13. Bb2 Qe7 14. Qa4 Bxc4 15.
Nd2 a6 16. Nxc4 b5 17. Nxb5 Rxc4 18. Na3 Nc5 19. Qa5 Nb7 20. Qb6 Rcc8 21. Qxa6
Bh6 22. Bc1 Ra8 23. Qd3 Bg7 24. Bd2 Qd7 25. Rec1 Rfb8 26. Nc4 Nd8 27. Na5 Ne8
28. Nc6 Rb7 29. a4 h6 30. a5 Rc8 31. b5 Nc7 32. b6 1-0

[Event "27.Bayer.Senioren-EM2015"]
[Site ""]
[Date "2015.06.15"]
[Round "9.42"]
[White "Sandner, Josef"]
[Black "Conitz, Helmut"]
[Result "0-1"]
[WhiteElo "1507"]
[BlackElo "1343"]
[PlyCount "86"]
[EventDate "2015.??.??"]
[WhiteTeam "SG Traunstein/Traunreut"]
[BlackTeam "SF Witzlasreuth"]

1. d4 d5 2. e3 Nf6 3. f4 Bg4 4. Nf3 e6 5. Bd3 Ne4 6. O-O Be7 7. Qe1 O-O 8. Nbd2
f5 9. Be2 Nd7 10. g3 Bh3 11. Ne5 Bxf1 12. Qxf1 Nxd2 13. Bxd2 Rf6 14. Qg2 c6 15.
c3 Qe8 16. Kf2 Nxe5 17. fxe5 Rf8 18. Rg1 Kh8 19. Ke1 Rg8 20. g4 g6 21. Qh3 Qf8
22. Bd3 Rg7 23. Be2 Qf7 24. c4 Rd8 25. b3 b6 26. Rf1 a5 27. a4 Bb4 28. Bf3
Bxd2+ 29. Kxd2 Qe7 30. Kc2 c5 31. Be2 Qc7 32. Rd1 Rf7 33. Qh4 Rc8 34. Qe1 f4
35. Bd3 fxe3 36. Qxe3 cxd4 37. Qxd4 Qc5 38. Qa1 Rf2+ 39. Kb1 Rxh2 40. cxd5 Qxd5
41. Bc2 Rh1 42. Rxh1 Qxh1+ 43. Kb2 Rxc2+ 0-1

[Event "27.Bayer.Senioren-EM2015"]
[Site ""]
[Date "2015.06.15"]
[Round "9.43"]
[White "Jehn, Detlef"]
[Black "Ewald, Frithjof"]
[Result "0-1"]
[WhiteElo "1486"]
[BlackElo "1319"]
[PlyCount "62"]
[EventDate "2015.??.??"]
[WhiteTeam "SF Bad Reichenhall"]
[BlackTeam "ASV J'Adoube Grassau"]

1. e4 e5 2. Nf3 Nc6 3. c3 Bc5 4. b4 Be7 5. Bc4 Nf6 6. d3 d5 7. exd5 Nxd5 8. h3
Be6 9. Bb5 O-O 10. Bxc6 bxc6 11. Nxe5 Qd6 12. Nc4 Qd7 13. O-O Bd6 14. Be3 Rfe8
15. Bc5 Nb6 16. Bxb6 cxb6 17. Nxd6 Qxd6 18. d4 Re7 19. Nd2 Rae8 20. a4 b5 21.
axb5 cxb5 22. Ne4 Qf4 23. f3 Bd5 24. Qd2 Rxe4 25. fxe4 Qxd2 26. exd5 Qxc3 27.
Kh1 Qxd4 28. d6 Qxd6 29. Rxa7 f6 30. Rb1 h6 31. Ra5 Re5 0-1

[Event "27.Bayer.Senioren-EM2015"]
[Site ""]
[Date "2015.06.15"]
[Round "9.44"]
[White "Malik, Rosemarie"]
[Black "Braeu, Emmi"]
[Result "0-1"]
[WhiteElo "1285"]
[BlackElo "1321"]
[PlyCount "80"]
[EventDate "2015.??.??"]
[WhiteTeam "SK Großweil"]
[BlackTeam "SK Marktoberdorf"]

1. e4 c5 2. Nf3 g6 3. d4 cxd4 4. Nxd4 Nc6 5. Nc3 Bg7 6. Nxc6 bxc6 7. Bd2 d5 8.
exd5 cxd5 9. Bb5+ Bd7 10. Bxd7+ Qxd7 11. Rb1 e5 12. O-O Ne7 13. Qe2 O-O 14. h3
Rac8 15. f3 d4 16. Ne4 Rxc2 17. Qd3 Rfc8 18. Rfc1 Rxc1+ 19. Rxc1 Rxc1+ 20. Bxc1
Qc6 21. Qd2 Nd5 22. Qd1 Nb4 23. a3 Qc2 24. Qxc2 Nxc2 25. Kf2 f5 26. Nc5 Bf8 27.
Nd7 Be7 28. Nxe5 Bd6 29. Nd3 Na1 30. g3 Nb3 31. f4 Kf7 32. Ke2 Ke6 33. Kd1 Kd5
34. Kc2 Nxc1 35. Nxc1 Ke4 36. Kd2 Kf3 37. Ne2 Ke4 38. Ng1 a5 39. a4 Bb4+ 40.
Kd1 d3 0-1

[Event "27.Bayer.Senioren-EM2015"]
[Site ""]
[Date "2015.06.15"]
[Round "9.45"]
[White "Hartlaub, Marianne"]
[Black "Schwarzmeier, Christine"]
[Result "1-0"]
[WhiteElo "1367"]
[BlackElo "868"]
[PlyCount "61"]
[EventDate "2015.??.??"]
[WhiteTeam "SK Klingenberg"]
[BlackTeam "TV Riedenburg"]

1. Nf3 g6 2. g3 Bg7 3. Bg2 e6 4. c4 Ne7 5. e4 O-O 6. d4 c6 7. Nc3 d5 8. b3 Nd7
9. O-O e5 10. Be3 f6 11. Qd2 b6 12. Rad1 Ba6 13. Rfe1 c5 14. dxe5 fxe5 15. Nxd5
Rf7 16. Ng5 Rf8 17. Nxe7+ Qxe7 18. Qxd7 Qxd7 19. Rxd7 Rad8 20. Rxa7 Bc8 21. Bh3
Bxh3 22. Nxh3 h6 23. f4 Rde8 24. Rd1 exf4 25. Bxf4 Rxe4 26. Rdd7 Re1+ 27. Kg2
Re2+ 28. Kf3 Re6 29. Rxg7+ Kh8 30. Rh7+ Kg8 31. Rag7# 1-0

[Event "27.Bayer.Senioren-EM2015"]
[Site ""]
[Date "2015.06.15"]
[Round "9.46"]
[White "Walther, Renate"]
[Black "Wilfert, Eva-Maria"]
[Result "0-1"]
[WhiteElo "837"]
[BlackElo "1389"]
[PlyCount "46"]
[EventDate "2015.??.??"]
[WhiteTeam "SK Herzogenaurach"]
[BlackTeam "PTSV SK Hof"]

1. e4 e6 2. d4 c5 3. Nf3 cxd4 4. Nxd4 Bc5 5. c3 Ne7 6. Be3 Qb6 7. Na3 Bxa3 8.
bxa3 Qa5 9. a4 Qxc3+ 10. Ke2 a6 11. Rb1 Nbc6 12. Nxc6 Nxc6 13. g3 O-O 14. Bg2
e5 15. Re1 Qc4+ 16. Qd3 Qxa2+ 17. Kf1 Qxa4 18. Rec1 b5 19. Bc5 Re8 20. Bh3 Qa5
21. Bxd7 Rd8 22. Qd6 Bxd7 23. Rd1 Bh3+ 0-1

[Event "Bergen"]
[Site "?"]
[Date "2015.06.10"]
[Round "5.5"]
[White "Walther, Reinhard"]
[Black "Wolf, Walter"]
[Result "1/2-1/2"]
[WhiteElo "1942"]
[BlackElo "2084"]
[PlyCount "81"]
[EventDate "2015.??.??"]
[WhiteTeam "SK Herzogenaurach"]
[BlackTeam "Stuttgarter SF 1879"]

1. d4 g6 2. e4 Bg7 3. Nc3 d6 4. f4 c6 5. Nf3 b5 6. Bd3 a6 7. Be3 Bg4 8. h3 Bxf3
9. Qxf3 Nd7 10. e5 {(3:57)} 10... Qc7 {(4:02)} 11. O-O b4 12. Ne4 d5 13. e6 (
13. Ng5 e6 (13... h6 14. Nxf7 Kxf7 15. Qg4 Kf8 16. Bxg6 h5 17. Qe6 Nh6 18. f5
Nc5 19. dxc5 Qxe5 20. Bxh6 Qxe6 21. fxe6+ Kg8 22. Bf7+ Kh7 23. Be3) 14. f5 gxf5
15. Bxf5 exf5 16. e6 O-O-O 17. exf7) 13... fxe6 (13... dxe4 14. exd7+ Kxd7 15.
Bxe4 $16) 14. Ng5 $18 Nf8 15. Rae1 h6 {das war nix von meinem Gegner} 16. Bxg6+
Kd7 17. Nxe6 {und das nicht optimal von mir} (17. Nf7 Nxg6 18. Qg3 Nf6 19. Nxh8
Bxh8 20. Qxg6 Ne4) 17... Nxe6 18. Bf5 Rf8 (18... Kd6 19. c4 bxc3 20. bxc3 $16)
19. Bxe6+ $18 Kxe6 20. Qg4+ {(4:27)} 20... Kd6 {(4:40)} 21. Qxg7 (21. f5 {
hätte sofort gewonnen}) 21... Nf6 22. f5 Qd8 23. Qg3+ Kd7 24. Qe5 Ne4 25. c4 (
25. Qe6+ Kc7 26. Bxh6 {war besser}) 25... bxc3 26. bxc3 Rf6 27. Rb1 Nd6 28. Bf2
$14 (28. Bd2 $18 {oder}) (28. Rf2 $18 {wären viel besser gewesen}) 28... Rxf5
29. Qe2 {jetzt bin ich nur noch marginal im Vorteil ~ 0.4 sagt Fritz 12} 29...
Qa5 30. c4 $11 {(4:22)} (30. Rfe1 {habe ich wegen Se4 nicht gespielt, aber}
30... Ne4 31. Rb7+ Kc8 32. Reb1 {
hatte ich einfach übersehen, das gewinnt wieder sofort z.B.} 32... Rhf8 33.
Rb8+ Kd7 (33... Kc7 34. R1b7+ Kd6 35. Rxf8 Rxf8 36. Bg3+) 34. R1b7+ Ke6 35.
Rxf8 Rxf8 36. Qg4+ Rf5 37. Qg8+ Rf7 38. Bh4 Ng5 39. Bxg5 hxg5 40. Qxg5) 30...
Rhf8 {(5:04)} 31. cxd5 Qxd5 32. Rb2 Rg8 33. g4 $17 {
bei beiden wurde die Zeit knapp ...} (33. g3 $11) 33... h5 34. Qxa6 Rf4 {0.05}
(34... hxg4 $19 {~ -2.5}) 35. Qa7+ Ke6 36. Re1+ Ne4 $18 (36... Re4 $11) 37. Bh4
$14 (37. Bg3 $18) 37... Rg7 38. Rb7 Rff7 (38... Rgxg4+ 39. hxg4 Rxg4+ 40. Kf1
Qc4+ 41. Re2 Rxh4 {hatte vermutlich gewonnen}) 39. Qc5 {
ich hatte keine Zeit mehr} (39. Rd7 Qxd7 40. Rxe4+ Kd5 41. Qxd7+ Kxe4 42. Qxc6+
{~ +10.0}) 39... hxg4 40. Qxd5+ Kxd5 41. Rd7+ {mein Gegner aber auch nicht (5:
58 war seine Uhr), jetzt ist es aber sowieso remis. (Übrigens ist meine Partie
gegen M.Wolf am Sehenswertesten. Hätte ich eigentlich mehrmals gewinnen müssen.
Dann in der Zeitnot hätte er vermutlich ein durchschlagendes Turmopfer gehabt.)} 1/2-1/2